Footprint : South American handbook 2012.
| Main Author: | |
|---|---|
| Format: | Book |
| Published: |
Bath, UK:
Footprint,
2011.
|
| Edition: | 88th ed. |
| Subjects: |
| LEADER | 00498cam a2200169 7i4500 | ||
|---|---|---|---|
| 001 | 0000029857 | ||
| 005 | 20130918090000.0 | ||
| 020 | 0 | 0 | |a 9781907263439 |
| 090 | 0 | 0 | |a AM.L 910.202 |b BOX |
| 100 | 1 | 0 | |a Box |
| 245 | 1 | 0 | |a Footprint : |b South American handbook 2012. |
| 250 | 0 | 0 | |a 88th ed. |
| 260 | 0 | 0 | |a Bath, UK: |b Footprint, |c 2011. |
| 300 | # | # | |a 1824 p. |
| 650 | 0 | 0 | |a South America -- |x Description and travel -- |x Guidebooks |
| 651 | 0 | 0 | |a South America |
| 999 | |a B000033123 |b Book |c Regions |e Business Information Centre | ||


